Quiz Images : France - Statistiques

Statistiques générales
  • Ce quiz a été pris 146 fois
  • Le résultat moyen est 10 sur 16
Statistiques - réponses
Par images Réponse % Correct
Musée du Louvre
99%
Tour Eiffel
97%
Mont-Saint-Michel
92%
Arc de Triomphe
88%
Notre-Dame de Paris
77%
Dune du Pilat
74%
Palais de l'Elysée
70%
Château de Versailles
69%
Panthéon
60%
Sacré-Coeur
60%
Château de Chambord
55%
Arènes de Nîmes
52%
Pont du Gard
51%
Notre-Dame de la Garde
28%
Place du Capitole
21%
Place de la Bourse
15%
Aucun quiz correspondant
Distribution des résultats
% des personnes avec chaque résultat
Percentile par nombre de réponses
Votre historique - résultats
Vous n’avez pas pris ce quiz